Tablas y fórmulas matemáticas

Bibliographic Details
Main Author: Valiente Barderas, Santiago
Format: Section = Libro
Language:Undetermined
Spanish
Published: México Limusa 2004
Edition:2a.ed.
Subjects:
LEADER 00634nam a2200229Ia 4500
008 240829s9999 xx 000 0 und d
020 |a 968-18-6205-8 
040 |a BIBLIOTECA-RUSB/ 510 V172 
041 |a spa 
082 |a 510 V172 
100 1 |a Valiente Barderas, Santiago 
245 1 0 |a Tablas y fórmulas matemáticas 
250 |a 2a.ed. 
260 |a México  |b Limusa  |c 2004 
300 |a 63 p. :il. 
650 7 |a MATEMATICA - FORMULAS 
650 7 |b  TABLAS DE CUADRADOS, CUBOS, RAICES 
650 7 |c  TABLAS DE POTENCIA 
650 7 |d  FORMULAS, ALGEBRA, LOGARITMOS, TRIGONOMETRIA 
942 |c BK  |2 ddc 
991 |a TEXTO 
999 |c 1296